000 00618nam a22001937a 4500
003 BD-DhJNU
005 20250602065914.0
008 250602b |||||||| |||| 00| 0 eng d
040 _aBD-DhJNU
_bENG
_cBD-DhJNU
_dBD-DhJNU
082 _223
_a301.15
100 _aKrech, David
245 _aTheory and problems of social psychology /
_cDavid krech and Richard S. Crutchfield
260 _aNew York :
_bKogakusha Company Ltd,
_c1959.
300 _axv, 639 p. :
_bill. ;
_c21 cm.
504 _aincludes bibliographical reference and index
650 _aSociology
700 _aCrutchfield, Richard S.
942 _2ddc
_cBK
_n0
999 _c1759
_d1759